000 00769nam a2200265Ia 4500
008 160319s9999 xx 000 0 und d
020 _a3715422888
050 _a398.9
050 _b.P552 2001
245 _aPhilippine folk literature :
245 _bthe folktales /
245 _ccompiled and edited by Damiana L. Eugenio.
260 _aQuezon City :
260 _bUniversity of the Philippines Press,
260 _c2001
300 _axiii, 420 pages ;
300 _c26 cm.
440 _aPhilippine folk literature series ;
440 _vvol. 4
500 _aIncludes bibliographical references and indexes.
650 _aFolklore -- Philippines.
650 _aTales -- Philippines.
650 _xTales.
700 _aEugenio, Damiana L., ed.
999 _c292393
_d292393